| 000 | 00606nam a2200241Ia 4500 | ||
|---|---|---|---|
| 003 | OSt | ||
| 005 | 20221006155756.0 | ||
| 006 | a|||||r|||| 00| 0 | ||
| 007 | ta | ||
| 008 | 221006b |||||||| |||| 00| 0 eng d | ||
| 024 | _a43,474 | ||
| 037 | _cSeries Articles | ||
| 040 |
_aEASL _cEASL _beng |
||
| 041 |
_2eng _aeng |
||
| 100 |
_aMair Victor h _9131289 |
||
| 245 | 0 | _aWhat is geyi, After ali? | |
| 260 |
_aNew Delhi _bSage Publications _c2012 |
||
| 300 |
_a29-60 _ccm. |
||
| 490 | _v48 | ||
| 650 | _aChina | ||
| 942 |
_cREF _2CC |
||
| 999 |
_c1111560 _d1111560 |
||